000 00716nam a2200181Ia 4500
008 090124s9999 xx 000 0 und d
082 _b20605
100 _aखाडिलकर नीलकंठ.
245 _a नाट्याचार्य खाडिलकरांची नाट्यकला
250 _a1
260 _c1973
300 _a168
600 _aखाडिलकर नीलकंठ.
630 _a नाट्याचार्य खाडिलकरांची नाट्यकला
700 _aखाडिलकर नीलकंठ.
730 _a नाट्याचार्य खाडिलकरांची नाट्यकला
942 _cBOOK
999 _c134409
_d134409